Sports Quiz

Random Sports Quiz
Score 0/90 Timer 10:00
0 Plays Today
Year(s) Name % Correct
2015-16Austin Hedges
92.3%
2015-16Derek Norris
92.1%
1986-92Benito Santiago
90.8%
2008-13Nick Hundley
81%
2004-05Ramon Hernandez
80.6%
1997-2000Carlos Hernandez
80.4%
2016Christian Bethancourt
79.7%
1975Randy Hundley
77.6%
2006Mike Piazza
75.8%
2016Hector Sanchez
72.9%
1998-2001Ben Davis
70%
1973, 75-78Bob Davis
67%
1981-86Terry Kennedy
66.8%
2012-13Yasmani Grandal
66.8%
1983-87Bruce Bochy
63.2%
1999-2003Wiki Gonzalez
59.6%
2013-14Rene Rivera
58.3%
2006-08Josh Bard
57.8%
1994-96Brian Johnson
56.7%
2003Mike Rivera
56.7%
2011Rob Johnson
56.6%
1993-96Brad Ausmus
56.4%
1989Sandy Alomar
51.2%
1999, 2004-05Phil Nevin
49.6%
2015Rocky Gale
47.9%
1977-80Gene Tenace
45.6%
1969-76, 79-80Fred Kendall
44.7%
1998-99Jim Leyritz
44.2%
2010Yorvit Torrealba
42.9%
2012-13John Baker
42.9%
Year(s) Name % Correct
1996-97John Flaherty
40.9%
2000George Williams
39.9%
2006Doug Mirabelli
39.9%
2005Miguel Olivo
39%
2007-08Michael Barrett
38.6%
2005David Ross
37.9%
2012Eddy Rodriguez
37.9%
2013Chris Robinson
37.2%
2006-07Rob Bowen
36.8%
1998-99Greg Myers
36.6%
1990-92, 2002Tom Lampkin
36.4%
1972, 77-78Dave Roberts
36.1%
2003-04Humberto Quintero
36.1%
1986-90Mark Parent
35.7%
2005Robert Fick
35.7%
2009Henry Blanco
35.5%
1969-70, 74Chris Cannizzaro
35.4%
2014Adam Moore
35.1%
2003-05Miguel Ojeda
34.8%
2011Luis Martinez
34.6%
1971, 75-76Mike Ivie
33.4%
1996Archi Cianfrocco
32.1%
2008Colt Morton
31.6%
2003Gary Bennett
31.4%
2002Wil Nieves
30.7%
2009Jose Lobaton
30%
1970-72, 74Bob Barton
29.6%
1981-84Doug Gwosdz
29.4%
1969Walt Hriniak
29.3%
1978Rick Sweet
29.1%
Year(s) Name % Correct
1969Sonny Ruberto
28.5%
1969Chris Krug
28.4%
1981-82Steve Swisher
28.4%
1990Joey Cora
28.4%
1972-73Pat Corrales
28.2%
1993-94Phil Clark
27.8%
1997Don Slaught
27.8%
1997-98Mandy Romero
27.8%
1970Ron Slocum
27.6%
2010Chris Stewart
27.6%
1993Kevin Higgins
27.1%
2008Luke Carlin
27.1%
2011Kyle Phillips
27.1%
1979-80Bill Fahey
26.9%
1992-93Dan Walters
26.2%
1982Ron Tingley
26%
2007Pete LaForest
26%
1991-92Dann Bilardello
25.5%
1993Bob Geren
25.3%
2012Ali Solis
25.1%
1982-83Joe Lefebvre
24.6%
1980Craig Stimac
24.2%
1975Jerry Moses
23.9%
1972Curt Blefary
23.7%
1972Joe Goddard
23.7%
2009Eliezer Alfonzo
23%
2001Rick Wilkins
22.8%
1978Tony Castillo
22.3%
1990Ronn Reynolds
21.5%
2002Javier Cardona
20.6%
Remove Ads.
Support Sporcle.
Get the best of Sporcle when you Go Orange. This ad-free experience offers more features, more stats, and more fun while also helping to support Sporcle. Thank you for becoming a member.

You're not logged in!

Compare scores with friends on all Sporcle quizzes.
OR
Log In

Show Comments

Extras

Created Oct 7, 2013ReportNominate
Tags:Catcher, San Diego Padres

Top Quizzes Today


Score Distribution

Your Account Isn't Verified!

In order to create a playlist on Sporcle, you need to verify the email address you used during registration. Go to your Sporcle Settings to finish the process.

Report this User

Report this user for behavior that violates our Community Guidelines.

Details: